Komentár k zákonu o miestnych daniach a miestnom poplatku za komunálne odpady a drobné stavebné odpady

Zavedením miestnych daní sa rešpektujú zámery vyplývajúce z reformy verejnej správy na zvýšenie právomoci a zodpovednosti obcí. Komentár k zákonu č. 582/2004 Z.z.

Salvato in:
Dettagli Bibliografici
Autore principale: Vargová, Mária
Altri autori: Hečková, Radka
Natura: Capitolo di libro
Lingua:slovacco
Soggetti:
Tags: Aggiungi Tag
Nessun Tag, puoi essere il primo ad aggiungerne!!

MARC

LEADER 00000naa$a2200000$$$4500
001 0024550
005 20231114082948.4
041 0 |a slo 
044 |a SK 
245 1 0 |a Komentár k zákonu o miestnych daniach a miestnom poplatku za komunálne odpady a drobné stavebné odpady  |c Mária Vargová, Radka Hečková 
520 |a Zavedením miestnych daní sa rešpektujú zámery vyplývajúce z reformy verejnej správy na zvýšenie právomoci a zodpovednosti obcí. Komentár k zákonu č. 582/2004 Z.z. 
610 2 0 |a dane miestne 
610 2 0 |a poplatky miestne 
610 2 0 |a zákony 
610 2 0 |a komentáre 
610 2 0 |a Slovensko 
610 2 0 |a 2004 
100 1 |a Vargová, Mária 
700 1 |a Hečková, Radka